000
00286nam a22001217a 4500
008
180307b xxu||||| |||| 00| 0 eng d
041
_a
eng
080
_a
54
100
_a
12
101
_a
kim
245
_a
laboratory manual for chemical and bacterial
_c
fran.r.th
942
_2
udc
_c
BK
999
_c
44295
_d
44295